Statystyki dla Dopływy wisły

Kliknij tutaj aby rozwiązać quiz!

Ogólne statystyki

  • Ten quiz został rozwiązany 241 razy
  • Średni wynik to 9 z 17

Statystyki odpowiedzi

HintOdpowiedź% Poprawnych
PrawyDunajec
84%
PrawySan
84%
PrawyWieprz
79%
PrawyNarew
73%
LewyPilica
66%
Prawy (karpacki)Soła
62%
PrawyRaba
58%
LewyBzura
57%
LewyBrda
52%
LewyNida
52%
LewyWda
52%
PrawySkawa
50%
PrawyDrwęca
49%
LewyKamienna
39%
LewyRadomka
32%
LewyWierzyca
28%
PrawySkra
18%

Rozkład punktacji

Percentyl według liczby udzielonych odpowiedzi

Procent ludzi z każdym wynikiem

Twoja historia wyników

Nie rozwiązałeś tego quizu